|
|
|
|
| LEADER |
00000nam a2200000 4500 |
| 001 |
vtls012159231 |
| 003 |
SK-MaSNL |
| 005 |
20260301180912.0 |
| 008 |
251112s1659 au a f 010 1 lat |
| 015 |
|
|
|a SNBHFA
|
| 040 |
|
|
|a SNKHF
|b slo
|c SNKHF
|e rda
|
| 041 |
0 |
|
|a lat
|
| 044 |
|
|
|a au
|c AT
|
| 072 |
|
7 |
|a 82-97
|x Náboženská literatúra. Duchovná literatúra (o nej)
|2 konspekt
|
| 080 |
|
|
|a 82-97
|2 2011
|
| 100 |
1 |
|
|a Süess, Georgius Placidus
|4 aut
|9 552739
|
| 245 |
1 |
0 |
|a Angelus Tutelaris Divi Alexii Minister. Reverendissimo, Et Amplissimo Praesuli, at Domino Domino Placido Celeberrimi Monasterij Lambacensis, sacratissimi ordinis Divi benedicti Abbati vigilantissimo Sacrae Caesareae Majestatis, nec non Serenissimi Archiducis Leopoldi Guilielmi Episcopi Passaviensis, etc. Consiliario: Statuum superioris Austriae Deputato etc. Celeberrimae, antiquissimaeque Salisburgensium Vniversitatis Praesidi meritissimo, etc.
|c A Georgio Placido Süeß, Austriaco Lambacensi, Eloquentiae studioso, Scholastico è pulvere dedicatus
|
| 264 |
|
3 |
|a Lincii
|b Apud Haeredes Gregorij Kürner
|c 1659
|
| 300 |
|
|
|a 8 strán
|c 13 cm
|
| 336 |
|
|
|a text
|b txt
|2 rdacontent
|
| 337 |
|
|
|a bez média
|b n
|2 rdamedia
|
| 338 |
|
|
|a zväzok
|b nc
|2 rdacarrier
|
| 500 |
|
|
|a Drevorez, linka, vlys, iniciálky s ornamentálnym pozadím vo voľnom priestore na 4 riadky, kustody
|
| 501 |
|
|
|a Príväzok 2.: IVANICH, Georgius. Septem Allocutiones Millitares Belli-Ducum Nostri Temporis. ... Leutschoviae : Typis Samuelis Brewer, Anno ut supra. Dicatae Anno MDCXCIV (1694).
|5 SNK SE 5420
|
| 508 |
|
|
|a Dedikácia: Leopold Wilhelm I.
|
| 546 |
|
|
|a Latinský text
|b Antikva
|b Kurzíva
|
| 561 |
|
|
|a Rukopisný provenienčný záznam na titulnom liste: Pro Domo Podolinensi.
|5 SNK SE 5420/prív.2
|
| 650 |
0 |
7 |
|a náboženská literatúra
|2 SNKPH
|9 1487
|
| 700 |
0 |
|
|a Leopold Wilhelm
|b I.,
|d 1614-1662
|4 hnr
|9 552740
|
| 710 |
1 |
|
|a Kürner, Gregor - dedičia (Linec, Rakúsko)
|4 prt
|9 552741
|
| 710 |
2 |
|
|a Piaristi (Podolínec, Slovensko)
|4 fmo
|9 312357
|
| 752 |
|
|
|a Rakúsko
|d Linec
|
| 852 |
|
|
|a snk
|p SE 5420/prív.2
|
| 958 |
|
|
|a ONDV
|
| 958 |
|
|
|a DC
|
| 999 |
|
|
|c 848024
|d 849954
|
| 952 |
|
|
|a SNK
|b SNK
|y PREZ
|7 0
|p 17A1485658
|o snkSE 5420/prív.2
|i snkF 67/72
|8 5
|0 0
|1 0
|4 0
|d 2023-01-25
|l 0
|r 2026-02-24 04:32:46
|w 2026-02-24
|